1536 1331 1669 1251 1142 1558 1334 1590 1090 1355 1872 1555 1895 1504 1687 1371 1881 1564 1607 1517 1781 1030 1120 1505 1467 1508 1173 1093 1998 1005 1429 1908 1079 1859 1286 1436 1450 1181 1086 1780 1547 1893 1351 1789 1583 1033 1170 1322 1412 1937 1555 1765 1838 1575 1633 1478 1643 1901 1357 1343 1483 1953 1316 1904 1455 1426 1211 1014 1137 1974 1944 1950 1823 1581 1540 1119 1300 1676 1346 1345 1419 1811 1963 1680 1415 1870 1105 1946 1671 1107 1451 1232 1298 1367 1488 1446 1483 1538 1083 BCNSPRNW ULIB Ver.6.0+V

เปลี่ยนเป็นภาษาไทย

Change to English
 แสดงรายละเอียดบรรณานุกรม
  กลับหน้าหลัก

Brief Record : Get Marc (ISO 2709) : E-mail record : QR code < ปิดหน้าต่าง
LEADER : 00000nam 2200000uu 4500
001    13399113116
003     ULIB
008    110927s2546||||th 000 0 tha d
020    9744840625
050  4 Q175.5^bส778ศ 2546
100 0  สุทัศน์ ยกส้าน
245 10 ศาสตร์พิศวง /^cสุทัศน์ ยกส้าน
260    กรุงเทพฯ :^bสารคดี,^c2546
300    204 หน้า :^bภาพประกอบ ;^c21 ซม.
440  0 วิทยาการแห่งอารยะ
591    cl มี พิมพ์ครั้งที่ 2 (ปี 2546)
650  4 วิทยาศาสตร์^vรวมเรื่อง
653    Open Your Eyes Project
945    ^p140^l0^i015986
995    ทศพร
999 ^a ทศพร
รายการนี้ยังไม่มีแท็ก
คุณยังไม่ได้ล็อกอิน คุณสามารถมีกิจกรรมร่วมกับเว็บไซต์ได้ แต่ต้องล็อกอินก่อน ::
  ล็อกอิน

รายการสื่อสารสนเทศ

ลำดับที่ ประเภท เลขเรียก/บาร์โค้ด สถานที่ สถานะ
- ไม่พบข้อมูล -

รายการใกล้เคียง
    ผู้แต่ง [สุทัศน์ ยกส้าน]

BibComment


ยังไม่เคยถูกคอมเมนท์

คอมเมนท์ทรัพยากรรายการนี้
  คอมเมนท์: ศาสตร์พิศวง สุทั..


 Copyright 2026. Bcnsprnw @Library